| 000 | 00427nam a2200157 i 4500 | ||
|---|---|---|---|
| 001 | 75376 | ||
| 003 | ES-MaACL | ||
| 005 | 20230906172429.0 | ||
| 007 | t| | ||
| 008 | 040924s1962 sp ||||1| spa d | ||
| 100 | 1 |
_aGraña Pérez, Valentín. _959671 |
|
| 245 | 1 | 0 |
_aMadre eterna _b: (poemas) / _cValentín Graña Pérez. |
| 260 |
_aBilbao : _b[s.n., _c1962] |
||
| 300 |
_a122 p., 1 h. ; _c18 cm. |
||
| 852 |
_aES-MaACL _jC-22036 |
||
| 999 |
_c75376 _d75376 |
||